| 000 | 01102nam a22003257i 4500 | ||
|---|---|---|---|
| 003 | EG-GICUC | ||
| 005 | 20260415105055.0 | ||
| 008 | 260415s1990 ua ||||fr|||| 00| 0 ara d | ||
| 017 |
_a3260 _d1990 |
||
| 040 |
_a EG-GICUC _bara _c EG-GICUC _d EG-GICUC _erda |
||
| 041 |
_aara _hara |
||
| 082 | 0 | 4 |
_221 _a343 _bد ك . م |
| 092 | 0 | 4 | _221 |
| 099 | _aLaw1 10 343 1990 د ك . م | ||
| 100 | 0 |
_aنور الدين هنداوي _eAuthor. |
|
| 245 |
_aمبادى علم الاجرام / _cنور الدين هنداوي |
||
| 264 |
_aالقاهره : _bدار النهضه العربيه , _c1990. |
||
| 300 |
_a189 صفحة _bإيضاحيات، صور، مثيليات ؛ _c24 سم |
||
| 336 |
_2rda content _atext |
||
| 337 |
_2rda media _aComputer |
||
| 338 |
_2rda carrier _aOnline Resource |
||
| 504 | _a. 240-220 ببليوجرافيا: صفحات. | ||
| 546 | _aالنص باللغة العربية | ||
| 600 | _aعلم الاجرام | ||
| 650 | 1 | _2qrmak | |
| 651 | 1 | _2qrmak | |
| 856 | 4 | 0 | _uhttps://fll.law.cu.edu.eg/لآ10-07899/bks/test.pdf |
| 905 | _a163 | ||
| 942 |
_2ddc _cBK _e21 _n0 |
||
| 999 |
_c71020 _d71020 |
||